Pacific islands quiz - Statistics

General Stats
  • This quiz has been taken 93 times
  • The average score is 6 of 11
Answer Stats
Question Answer % Correct
What country had the most visitors in 2020? Fiji
85%
What is Fiji's capital? Suva
81%
What country has o flag of waves, the sun and a gold frigatebird? Kiribati
69%
What is the smallest country of all the pacific island nations? Nauru
69%
Which country's capital is Honiara Solomon Islands
67%
What island has the least islands? Nauru
63%
What was the least visited country in 2020? Tuvalu
60%
What country is the biggest among them? Solomon Islands
48%
How many Pacific island countries are there in total? 11
19%
Which pacific island nation has the most islands? Solomon Islands
19%
From a research in 2002, what country had the most IQ? Tonga
8%
No matching quizzes found
Score Distribution
Percent of People with Each Score
Percentile by Number Answered
Your Score History
You have not taken this quiz